Trh nehnuteľností
Guardado en:
| Autor principal: | |
|---|---|
| Autor Corporativo: | |
| Otros Autores: | , |
| Formato: | Libro |
| Lenguaje: | eslovaco |
| Publicado: |
Bratislava
Vydavateľstvo EKONÓM
2013
|
| Edición: | 1. vyd. |
| Materias: | |
| Etiquetas: |
Sin Etiquetas, Sea el primero en etiquetar este registro!
|
MARC
| LEADER | 00000nam a2200000 4500 | ||
|---|---|---|---|
| 001 | 0165318 | ||
| 005 | 20240502072900.4 | ||
| 020 | |a 978-80-225-3569-4 | ||
| 041 | 0 | |a slo | |
| 044 | |a SK | ||
| 245 | 1 | 0 | |a Trh nehnuteľností |c Jozef Tvrdoň ; recenzenti: Július Hanus, Jozef Mrva |
| 250 | |a 1. vyd. | ||
| 264 | 1 | |a Bratislava |b Vydavateľstvo EKONÓM |c 2013 | |
| 300 | |a 127 s. [6,83 AH] | ||
| 610 | 2 | 0 | |a trh realitný |
| 610 | 2 | 0 | |a nehnuteľnosti |
| 610 | 2 | 0 | |a investovanie |
| 610 | 2 | 0 | |a investície finančné |
| 610 | 2 | 0 | |a fondy podielové |
| 610 | 2 | 0 | |a fondy investičné |
| 610 | 2 | 0 | |a lízing |
| 610 | 2 | 0 | |a oceňovanie |
| 610 | 2 | 0 | |a revitalizácia |
| 610 | 2 | 0 | |a Slovensko |
| 100 | 1 | |a Tvrdoň, Jozef | |
| 700 | 1 | |a Hanus, Július | |
| 700 | 1 | |a Mrva, Jozef | |
| 710 | 2 | |a Ekonomická univerzita v Bratislave. Národohospodárska fakulta | |